000 00691nam a2200241Ia 4500
003 OSt
005 20220918223329.0
006 a|||||r|||| 00| 0
007 ta
008 220917b |||||||| |||| 00| 0 eng d
024 _a221,972
037 _cTextual
040 _aARTS
_cARTS
_beng
041 _2eng
_aeng
082 _aQ6:6815v, P4
100 _aElliott Dyan
_9145508
245 0 _aProving Woman
_b Temale Spirituality and inquistional culture in the later middle ages
260 _aPrinceton
_bPrinceton Uni. press
_c2004
300 _axviii, 350p
_ccm.
650 _aRELIGION
942 _hQ6:6815v, P4
_cTEXL
_2CC
999 _c278161
_d278161